[Event "Girona-ch "]
[Site "Girona"]
[Date "2017.10.29"]
[Round "4"]
[White "Llach Mascaro, Josep Maria"]
[Black "Gallart Vila, Joan"]
[Result "1-0"]
[WhiteElo "1918"]
[BlackElo "1701"]
[PlyCount "83"]
[EventDate "2017.10.08"]
[EventType "swiss"]
[EventRounds "9"]
[EventCountry "ESP"]
[SourceTitle "CBM 181 Extra"]
[Source "ChessBase"]
[SourceDate "2017.12.12"]
[SourceVersion "1"]
[SourceVersionDate "2017.12.12"]
[SourceQuality "1"]

1. e4 c5 2. d4 cxd4 3. c3 dxc3 4. Nxc3 Nc6 5. Nf3 Nf6 6. Bc4 a6 7. 0-0 b5 8. Bb3 Bb7 9. e5 Ng4 10. Bf4 e6 11. h3 Nh6 12. Rc1 Nf5 13. Bc2 Nfe7 14. Qe2 Nb4 15. Bb1 Ned5 16. Nxd5 Nxd5 17. Bg3 Be7 18. h4 f5 19. exf6 Nxf6 20. Rfd1 Rc8 21. Ng5 Rxc1 22. Rxc1 Qa8 23. Nxh7 Bxg2 24. Bg6+ Kd8 25. Bc7+ Kc8 26. Bd6+ Bc6 27. Bxe7 Rxh7 28. Bxh7 Nxh7 29. Qh5 Nf6 30. Bxf6 gxf6 31. Qh8+ Kb7 32. Qxf6 Bd5 33. a3 Qg8+ 34. Qg5 Qh8 35. Qe7 Qg8+ 36. Qg5 Qh8 37. Qg3 Qd8 38. h5 Bc6 39. h6 Be4 40. Qg7 Bf5 41. Rc3 b4 42. axb4 1-0

[Event "Girona-ch"]
[Site "Banyoles"]
[Date "2016.11.20"]
[Round "8"]
[White "Gallart Vila, Joan"]
[Black "Alabert Vidal, Marc"]
[Result "1-0"]
[WhiteElo "1782"]
[BlackElo "1899"]
[PlyCount "53"]
[EventDate "2016.10.02"]
[EventType "swiss"]
[EventRounds "9"]
[EventCountry "ESP"]
[SourceTitle "EXT 2018"]
[Source "ChessBase"]
[SourceDate "2017.10.13"]
[SourceVersion "1"]
[SourceVersionDate "2017.10.13"]
[SourceQuality "1"]

1. e4 c5 2. Nf3 d6 3. Bc4 e6 4. d4 cxd4 5. 0-0 Nf6 6. Re1 e5 7. Ng5 d5 8. exd5 Bd6 9. f4 Nbd7 10. fxe5 Nxe5 11. Qxd4 Qe7 12. Kh1 0-0 13. Bf4 Re8 14. Ne4 Nxe4 15. Rxe4 Bf5 16. Re3 Qc7 17. Bb5 Qxc2 18. Na3 Bxa3 19. bxa3 Nd7 20. Rg3 f6 21. Bxd7 Bxd7 22. Qxf6 g6 23. Bh6 Re7 24. Qxe7 Qb2 25. Rf1 Bf5 26. Rb3 Qd4 27. Rxb7 1-0

[Event "Santa Eugenia op 9th"]
[Site "Santa Eugenia"]
[Date "2014.05.02"]
[Round "2"]
[White "Gimenez Pau, Daniel"]
[Black "Gallart Vila, Joan"]
[Result "1/2-1/2"]
[WhiteElo "1707"]
[BlackElo "1957"]
[PlyCount "35"]
[EventDate "2014.04.25"]
[EventType "swiss"]
[EventRounds "9"]
[EventCountry "ESP"]
[SourceTitle "EXT 2015"]
[Source "ChessBase"]
[SourceDate "2014.11.20"]
[SourceVersion "1"]
[SourceVersionDate "2014.11.20"]
[SourceQuality "1"]

1. Nf3 d5 2. d4 c5 3. Bg5 Qb6 4. b3 Bg4 5. h3 Bh5 6. dxc5 Qxc5 7. Be3 Qd6 8. Qd4 Nc6 9. Qa4 Qf6 10. Bd4 Qg6 11. Na3 Bxf3 12. exf3 e5 13. Bb2 Bc5 14. 0-0-0 Nge7 15. Bxe5 Bxa3+ 16. Qxa3 Nxe5 17. Bb5+ N7c6 18. Bxc6+ 1/2-1/2

[Event "Girona-ch"]
[Site "Girona"]
[Date "2012.02.10"]
[Round "5"]
[White "Pereira Garcia, Josep Ramon"]
[Black "Gallart Vila, Joan"]
[Result "0-1"]
[WhiteElo "1643"]
[BlackElo "1754"]
[PlyCount "80"]
[EventDate "2012.01.13"]
[EventType "swiss"]
[EventRounds "9"]
[EventCountry "ESP"]
[SourceTitle "EXT 2013"]
[Source "ChessBase"]
[SourceDate "2012.11.22"]
[SourceVersion "1"]
[SourceVersionDate "2012.11.22"]
[SourceQuality "1"]

1. d4 d5 2. Nf3 e6 3. c4 Nf6 4. Nc3 Be7 5. Bg5 a6 6. e3 dxc4 7. Bxc4 b5 8. Bd3 Bb7 9. 0-0 0-0 10. Rc1 Nbd7 11. Re1 c5 12. dxc5 Nxc5 13. Bb1 Qa5 14. a3 b4 15. axb4 Qxb4 16. Qc2 Nce4 17. Bxf6 Nxf6 18. Nd4 Rac8 19. Qe2 Rc5 20. Na2 Qb6 21. Rxc5 Bxc5 22. Nf3 h6 23. Ne5 a5 24. Rc1 Rd8 25. Nc3 Bd6 26. Nd3 Ba6 27. Rd1 Bb8 28. Qc2 Bb7 29. Na4 Qd6 30. f4 Ba7 31. Nf2 Qe7 32. Rxd8+ Qxd8 33. Qe2 Qd5 34. Nd3 Ba6 35. Nc3 Qd6 36. h3 Nh5 37. Kf2 Nxf4 38. Qf3 Nxd3+ 39. Bxd3 Bxd3 40. Qa8+ Qb8 0-1

[Event "Girona-ch"]
[Site "Girona"]
[Date "2012.01.13"]
[Round "1"]
[White "Camps Torrents, Josep"]
[Black "Gallart Vila, Joan"]
[Result "0-1"]
[WhiteElo "1430"]
[BlackElo "1754"]
[PlyCount "70"]
[EventDate "2012.01.13"]
[EventType "swiss"]
[EventRounds "9"]
[EventCountry "ESP"]
[SourceTitle "EXT 2013"]
[Source "ChessBase"]
[SourceDate "2012.11.22"]
[SourceVersion "1"]
[SourceVersionDate "2012.11.22"]
[SourceQuality "1"]

1. d4 d5 2. c4 e6 3. e3 Nf6 4. Nf3 c5 5. Nbd2 a6 6. Be2 Nc6 7. a3 dxc4 8. Nxc4 b5 9. Nce5 Bb7 10. Nxc6 Bxc6 11. dxc5 Qc7 12. b4 a5 13. Bb2 Be7 14. Be5 Qb7 15. 0-0 0-0 16. Bd6 Rfd8 17. Ra2 axb4 18. Rd2 bxa3 19. Bxe7 Rxd2 20. Qxd2 Qxe7 21. Qd6 Qxd6 22. cxd6 a2 23. Ra1 Ne4 24. Nd4 Bd7 25. Bxb5 Rb8 26. Bd3 Nc5 27. Bc2 e5 28. Nf3 Rb2 29. Ne1 e4 30. f3 f5 31. f4 Kf8 32. h3 Bb5 33. g4 Nd3 34. gxf5 Nxe1 35. Rxe1 Rxc2 0-1

[Event "Girona Provincial-ch"]
[Site "Girona"]
[Date "2011.12.11"]
[Round "9"]
[White "Salagran Ferragut, Guillem"]
[Black "Gallart Vila, Joan"]
[Result "1-0"]
[WhiteElo "1825"]
[BlackElo "1755"]
[PlyCount "61"]
[EventDate "2011.10.09"]
[EventType "swiss"]
[EventRounds "9"]
[EventCountry "ESP"]
[SourceTitle "EXT 2013"]
[Source "ChessBase"]
[SourceDate "2012.11.22"]
[SourceVersion "1"]
[SourceVersionDate "2012.11.22"]
[SourceQuality "1"]

1. e4 c5 2. Nc3 Nc6 3. g3 Nf6 4. Bg2 d6 5. h3 g6 6. d3 Bg7 7. Be3 0-0 8. Qd2 Nd4 9. Nd1 Re8 10. c3 Nc6 11. Bh6 Bh8 12. Ne3 Qa5 13. h4 Ne5 14. h5 Qb5 15. Bf1 Qb6 16. hxg6 fxg6 17. Bg5 c4 18. Bxf6 exf6 19. dxc4 f5 20. 0-0-0 Qa5 21. exf5 Qxa2 22. fxg6 Qa1+ 23. Kc2 Qa4+ 24. Kb1 hxg6 25. Qxd6 Be6 26. Rxh8+ Kxh8 27. Qxe5+ Kh7 28. Bd3 Bf7 29. Qf6 Rf8 30. Nf3 Qe8 31. Rh1+ 1-0

[Event "Girona Province-chA"]
[Site "Figueres"]
[Date "2009.11.22"]
[Round "8"]
[White "Triadu Cassa, Jordi"]
[Black "Gallart Vila, Joan"]
[Result "1-0"]
[WhiteElo "1953"]
[BlackElo "1767"]
[PlyCount "55"]
[EventDate "2009.10.04"]
[EventType "swiss"]
[EventRounds "8"]
[EventCountry "ESP"]
[SourceTitle "EXT 2019"]
[Source "ChessBase"]
[SourceDate "2018.10.10"]
[SourceVersion "1"]
[SourceVersionDate "2018.10.10"]
[SourceQuality "1"]

1. e4 c5 2. Nf3 Nc6 3. d4 cxd4 4. Nxd4 d6 5. Nc3 Nf6 6. Bc4 Bg4 7. f3 Bd7 8. Be3 Na5 9. Be2 Rc8 10. 0-0 a6 11. Nd5 Nxd5 12. exd5 Nc4 13. Bxc4 Rxc4 14. b3 Rc3 15. Qd2 Qc8 16. Rac1 Rc7 17. c4 h5 18. Rfe1 g6 19. Bf4 Kd8 20. Bxd6 Bf5 21. Bxc7+ Qxc7 22. Qc3 Rh7 23. Nxf5 gxf5 24. Qe5 Qc8 25. d6 e6 26. Rcd1 Bg7 27. d7 Qa8 28. Qa5+ 1-0

[Event "Girona Province-chA"]
[Site "Figueres"]
[Date "2009.10.11"]
[Round "2"]
[White "Vilanova Olmedo, Ignasi"]
[Black "Gallart Vila, Joan"]
[Result "0-1"]
[WhiteElo "1630"]
[BlackElo "1767"]
[PlyCount "70"]
[EventDate "2009.10.04"]
[EventType "swiss"]
[EventRounds "8"]
[EventCountry "ESP"]
[SourceTitle "EXT 2019"]
[Source "ChessBase"]
[SourceDate "2018.10.10"]
[SourceVersion "1"]
[SourceVersionDate "2018.10.10"]
[SourceQuality "1"]

1. d4 d5 2. Nf3 Nf6 3. e3 e6 4. Bd3 c5 5. c3 Nc6 6. Nbd2 Bd7 7. 0-0 a6 8. Qe2 Bd6 9. e4 dxe4 10. Nxe4 Nxe4 11. Bxe4 cxd4 12. cxd4 0-0 13. Ng5 h6 14. Nh7 Re8 15. Bxh6 Bxh2+ 16. Kh1 Bf4 17. Bxf4 Qh4+ 18. Bh2 f5 19. Bxc6 Bxc6 20. Kg1 Kxh7 21. Be5 Rh8 22. Bg3 Qh6 23. Rfe1 Rae8 24. Qc4 Kg8 25. f3 f4 26. Bxf4 Qxf4 27. Rxe6 Kf8 28. Rxe8+ Kxe8 29. Qe6+ Kd8 30. Re1 Qxd4+ 31. Qe3 Qxb2 32. Qe7+ Kc8 33. Qe6+ Kb8 34. Re2 Qb1+ 35. Kf2 Qb6+ 0-1

[Event "Girona Province-chA"]
[Site "Figueres"]
[Date "2009.10.04"]
[Round "1"]
[White "Gallart Vila, Joan"]
[Black "Serra Pages, Jordi"]
[Result "0-1"]
[WhiteElo "1767"]
[BlackElo "2248"]
[PlyCount "55"]
[EventDate "2009.10.04"]
[EventType "swiss"]
[EventRounds "8"]
[EventCountry "ESP"]
[SourceTitle "EXT 2019"]
[Source "ChessBase"]
[SourceDate "2018.10.10"]
[SourceVersion "1"]
[SourceVersionDate "2018.10.10"]
[SourceQuality "1"]

1. d4 Nf6 2. c4 e6 3. Nf3 d5 4. Bg5 Nbd7 5. cxd5 exd5 6. Nc3 c6 7. e3 Bd6 8. e4 dxe4 9. Nxe4 Qe7 10. Be2 Qxe4 11. 0-0 0-0 12. Re1 Bb4 13. Bd3 Qd5 14. Re2 h6 15. Bh4 Re8 16. a3 Rxe2 17. Qxe2 Bd6 18. Re1 Nf8 19. Bxf6 gxf6 20. Bc4 Qh5 21. Qe8 Rb8 22. Qd8 Bd7 23. Qxf6 Ne6 24. Rxe6 Bxe6 25. Bxe6 fxe6 26. Qxe6+ Kg7 27. Qd7+ Qf7 28. Qxd6 0-1

[Event "Figueres op 10th"]
[Site "Figueres"]
[Date "2009.08.05"]
[Round "6"]
[White "Gallart Vila, Joan"]
[Black "Gallegos Saliner, Josep M"]
[Result "1-0"]
[WhiteElo "1773"]
[BlackElo "1648"]
[PlyCount "71"]
[EventDate "2009.08.01"]
[EventType "swiss"]
[EventRounds "9"]
[EventCountry "ESP"]
[SourceTitle "EXT 2010"]
[Source "ChessBase"]
[SourceDate "2010.11.25"]
[SourceVersion "1"]
[SourceVersionDate "2010.11.25"]
[SourceQuality "1"]

1. e4 d5 2. exd5 Qxd5 3. Nf3 Nf6 4. Nc3 Qd6 5. d3 a6 6. Be2 Nc6 7. 0-0 Bf5 8. Be3 0-0-0 9. a3 e5 10. b4 Nd5 11. Nxd5 Qxd5 12. c4 Qd6 13. b5 axb5 14. cxb5 Nb8 15. Qa4 Bd7 16. Rfd1 Qd5 17. d4 e4 18. Ne5 f6 19. Bc4 Bxb5 20. Bxb5 fxe5 21. dxe5 Qxe5 22. Rxd8+ Kxd8 23. Rd1+ Bd6 24. g3 Ke7 25. Bc4 Rd8 26. Rd5 Qa1+ 27. Bf1 h6 28. Qxe4+ Kf7 29. Qh7 Nd7 30. Bd4 Nf6 31. Bxf6 Kxf6 32. Qf5+ Ke7 33. Rd3 Qf6 34. Re3+ Kf7 35. Bc4+ Kf8 36. Qd5 1-0

[Event "Figueres op 10th"]
[Site "Figueres"]
[Date "2009.08.04"]
[Round "5"]
[White "Yastrebova, Tatiana"]
[Black "Gallart Vila, Joan"]
[Result "1-0"]
[WhiteElo "2031"]
[BlackElo "1773"]
[PlyCount "75"]
[EventDate "2009.08.01"]
[EventType "swiss"]
[EventRounds "9"]
[EventCountry "ESP"]
[SourceTitle "EXT 2010"]
[Source "ChessBase"]
[SourceDate "2010.11.25"]
[SourceVersion "1"]
[SourceVersionDate "2010.11.25"]
[SourceQuality "1"]

1. d4 d5 2. c4 e6 3. Nc3 Nf6 4. cxd5 Nxd5 5. e4 Nf6 6. Nf3 a6 7. Be2 Be7 8. 0-0 0-0 9. h3 b5 10. e5 Nd5 11. Nxd5 exd5 12. Be3 Nd7 13. Rc1 Bb7 14. Bd3 Nb6 15. Qc2 Nc4 16. Bxh7+ Kh8 17. Bd3 c5 18. Bxc4 cxd4 19. Nxd4 dxc4 20. Rcd1 Qd5 21. Nf3 Qe6 22. Qe2 Rad8 23. Bf4 Qf5 24. Bg3 Rd3 25. Nd4 Qg6 26. Qg4 Qxg4 27. hxg4 Bc5 28. Rxd3 cxd3 29. Nf5 Bd5 30. Rd1 Bxa2 31. Rxd3 Be6 32. Bf4 Rc8 33. Nd6 Rc7 34. Ne4 Bc4 35. Rd8+ Kh7 36. e6 Bb6 37. Bxc7 Bxc7 38. e7 1-0

[Event "Figueres op 10th"]
[Site "Figueres"]
[Date "2009.08.01"]
[Round "1"]
[White "Gonzalez Rodriguez, Jorge Armando"]
[Black "Gallart Vila, Joan"]
[Result "1-0"]
[WhiteElo "2429"]
[BlackElo "1773"]
[PlyCount "59"]
[EventDate "2009.08.01"]
[EventType "swiss"]
[EventRounds "9"]
[EventCountry "ESP"]
[SourceTitle "EXT 2010"]
[Source "ChessBase"]
[SourceDate "2010.11.25"]
[SourceVersion "1"]
[SourceVersionDate "2010.11.25"]
[SourceQuality "1"]

1. c4 c5 2. Nc3 Nc6 3. g3 g6 4. Bg2 Bg7 5. e3 Nf6 6. Nge2 0-0 7. d4 cxd4 8. exd4 d6 9. 0-0 Bg4 10. h3 Bd7 11. Be3 Rc8 12. Qd2 Re8 13. b3 a6 14. d5 Ne5 15. f4 Nxc4 16. bxc4 Rxc4 17. Rac1 Nh5 18. g4 Nf6 19. Nd4 Bc8 20. Nce2 Ra4 21. Nb3 e6 22. dxe6 Bxe6 23. Bd4 Qe7 24. Rfe1 Qd7 25. Qb2 Bxb3 26. axb3 Rxe2 27. Rxe2 Rxd4 28. Qxd4 Nxg4 29. Qc4 Nh6 30. Qc8+ 1-0